| 000 | 00799nam a2200205 i 4500 | ||
|---|---|---|---|
| 001 | 188253 | ||
| 003 | ES-MaACL | ||
| 005 | 20231222182429.0 | ||
| 008 | 180719s1894 sp |||| | spa d | ||
| 100 | 1 |
_aArenal, Concepción, _d1820-1893 _922591 |
|
| 245 | 1 | 3 |
_aLa beneficencia, la filantropía y la caridad : _bobra premiada por la Academia de Ciencias Morales y Políticas en el año 1861 / _cConcepción Arenal. |
| 260 |
_aMadrid : _bLibrería de Victoriano Suárez, _c1894. |
||
| 300 |
_a244 p. ; _c18 cm. |
||
| 490 | 1 |
_aObras completas de Dª Concepción Arenal ; _v2 |
|
| 650 | 4 |
_aBeneficencia- _zEspaña. _9159082 |
|
| 650 | 4 |
_aAsistencia social- _zEspaña. _9163750 |
|
| 830 | 0 |
_aObras completas de Concepción Arenal _v2 _9193007 |
|
| 852 |
_aES-MaACL _jD-2605 |
||
| 999 |
_c188253 _d188253 |
||